| 000 | 00756nam a2200121Ia 4500 | ||
|---|---|---|---|
| 008 | 220615s9999||||xx |||||||||||||| ||und|| | ||
| 245 | 0 | _aBioeconomy challenges and implementation: the European research organisations' perspective | |
| 546 | _aEnglish[eng] | ||
| 650 | _aagriculture||economics||food||food security||Europe||agronomy||learning||agroalimentaire | ||
| 700 | _aBergeret, Pascal||Svedin, Uno||Valceschini, Egizio | ||
| 856 | _uhttps://library.oapen.org/bitstream/20.500.12657/23957/1/9782759228355.epub||https://library.oapen.org/bitstream/20.500.12657/23957/1/9782759228355.epub||https://library.oapen.org/bitstream/20.500.12657/23957/1/9782759228355.epub||https://library.oapen.org/bitstream/20.500.12657/23957/1/9782759228355.epub | ||
| 942 | _cEB | ||
| 999 |
_c8228 _d8228 |
||